000 00427nam a22001577a 4500
003 MPLRDC
005 20220104143228.0
008 210129b ||||| |||| 00| 0 eng d
082 _a524.967 XYT v.4 1976 c.2*
100 _a萧遥天校辑; 向夏等译注
245 _a华文课本古文语译. 第四册
_c
260 _a
_b天风出版公司
_c1976
300 _b
650 _a
942 _cBK
_o524.967 XYT v.4 1976 c.2*
999 _c37868
_d37858